[Event "Mechanics' Summer TNM; G/2"]
[Site "San Francisco"]
[Date "2016.06.07"]
[Round "3.14"]
[White "Porlares, Teodoro"]
[Black "Drane, Robert W"]
[Result "1-0"]
[WhiteElo "1805"]
[BlackElo "2012"]
[PlyCount "77"]
[EventDate "2016.??.??"]

1. d4 f5 2. Nf3 Nf6 3. g3 e6 4. Bg2 Be7 5. O-O O-O 6. c4 d6 7. Nc3 Nc6 8. d5
Ne5 9. b3 Nxf3+ 10. exf3 e5 11. f4 exf4 12. Bxf4 Ng4 13. h3 Ne5 14. Be3 Ng6 15.
f4 Bf6 16. Bd4 Bd7 17. Qd3 b6 18. a4 Bxd4+ 19. Qxd4 Qf6 20. Qxf6 gxf6 21. Rfe1
Rfe8 22. Kf2 Nf8 23. Ne2 Re7 24. Nd4 Rae8 25. Rxe7 Rxe7 26. Re1 Rxe1 27. Kxe1
Bc8 28. Nc6 Bb7 29. Nxa7 Nd7 30. Kd2 Nc5 31. Kc3 Ba6 32. b4 Nd7 33. Bf1 Nb8 34.
Bd3 Bb7 35. Bxf5 c6 36. dxc6 Bxc6 37. Nxc6 Nxc6 38. Bd7 Nd8 39. a5 1-0

[Event "Mechanics' Spring TNM; G/2"]
[Site "San Francisco"]
[Date "2016.04.26"]
[Round "7.8"]
[White "Porlares, Teodoro"]
[Black "Fuentes, Romulo C"]
[Result "1/2-1/2"]
[WhiteElo "1852"]
[BlackElo "2208"]
[PlyCount "62"]
[EventDate "2016.??.??"]

1. d4 Nf6 2. Nf3 e6 3. Bf4 c5 4. e3 Nc6 5. c3 Qb6 6. Qc2 d5 7. Nbd2 Bd7 8. Be2
Be7 9. dxc5 Bxc5 10. Nb3 Be7 11. h3 Ne4 12. Nfd2 f5 13. Nxe4 fxe4 14. Bh5+ g6
15. Be2 Na5 16. Be5 O-O 17. O-O Ba4 18. Bd4 Qc7 19. Bg4 e5 20. Be6+ Kg7 21.
Bxd5 exd4 22. Qxe4 Nxb3 23. axb3 Bc6 24. Bxc6 bxc6 25. Qxd4+ Bf6 26. Qc4 a5 27.
Rad1 Rab8 28. Rd2 Qb7 29. Rfd1 Rf7 30. Qe6 Qxb3 31. Qxc6 Rbf8 1/2-1/2

[Event "Mechanics' Summer TNM; G/2"]
[Site "San Francisco"]
[Date "2016.05.31"]
[Round "2.9"]
[White "Porlares, Teodoro"]
[Black "Gaffagan, Steven"]
[Result "1/2-1/2"]
[WhiteElo "1805"]
[BlackElo "2073"]
[PlyCount "120"]
[EventDate "2016.??.??"]

1. d4 Nf6 2. Nf3 g6 3. c4 Bg7 4. Nc3 O-O 5. Bf4 c5 6. e3 d5 7. dxc5 Qa5 8. Be2
dxc4 9. O-O Qxc5 10. a4 Nc6 11. Nd2 Be6 12. Nb5 Nd5 13. Bg3 a6 14. Ne4 Qb4 15.
Nd4 Nxd4 16. exd4 c3 17. bxc3 Nxc3 18. Nxc3 Qxc3 19. Rc1 Qxd4 20. Qxd4 Bxd4 21.
Rc7 b5 22. axb5 axb5 23. Bxb5 Bf6 24. Bf4 Kg7 25. Re1 Rfc8 26. Rxc8 Rxc8 27. h3
Rc5 28. Bf1 h5 29. Rc1 Ra5 30. Bc7 Ra2 31. Bb6 Rb2 32. Bc5 Rd2 33. Be3 Rd7 34.
Bb5 Rd8 35. Bc4 Bxc4 36. Rxc4 Rd1+ 37. Kh2 h4 38. g3 hxg3+ 39. Kxg3 Rd5 40. Kg4
Rh5 41. Kg3 Re5 42. Kg4 e6 43. Ra4 Rh5 44. Kg3 Re5 45. Kg4 Rh5 46. Kg3 e5 47.
Rc4 Rh8 48. Ra4 Re8 49. Rc4 Re7 50. Ra4 Rd7 51. Rc4 Be7 52. Bc1 f5 53. Bb2 Bf6
54. Rc6 Rd3+ 55. f3 Rd7 56. Bc3 Re7 57. Kf2 g5 58. Ke3 Kf7 59. Bb4 Rb7 60. Bc5
Rb3+ {and eventually drawn. Remaining moves unavailable.} 1/2-1/2

[Event "Mechanics' Winter TNM; G/2"]
[Site "San Francisco"]
[Date "2016.02.02"]
[Round "5.34"]
[White "Porlares, Teodoro"]
[Black "Kadri, Barbara"]
[Result "1-0"]
[WhiteElo "1892"]
[BlackElo "496"]
[PlyCount "43"]
[EventDate "2016.??.??"]

1. e4 d6 2. d4 Nf6 3. Nc3 e6 4. f4 Nc6 5. Nf3 Be7 6. Bd3 Ng4 7. O-O O-O 8. h3
d5 9. hxg4 dxe4 10. Bxe4 g6 11. g5 Bc5 12. dxc5 Qxd1 13. Rxd1 e5 14. Bxc6 Bg4
15. Bxb7 Rab8 16. Bd5 exf4 17. Bxf4 Rbe8 18. Ne4 Bf5 19. Nf6+ Kg7 20. Re1 Bxc2
21. Nxe8+ Rxe8 22. Rxe8 1-0

[Event "Mechanics' Winter TNM; G/2"]
[Site "San Francisco"]
[Date "2016.01.26"]
[Round "4.33"]
[White "Porlares, Teodoro"]
[Black "McCarty-Snead, Callaghan"]
[Result "1/2-1/2"]
[WhiteElo "1892"]
[BlackElo "1700"]
[PlyCount "44"]
[EventDate "2016.??.??"]

1. e4 d6 2. d4 Nf6 3. Bd3 g6 4. Nf3 Bg7 5. h3 O-O 6. Bf4 Nh5 7. Bh2 Nc6 8. c3
Re8 9. O-O e5 10. d5 Ne7 11. Nbd2 Rf8 12. g4 Nf6 13. Kg2 Ne8 14. Ng1 g5 15.
Ndf3 Ng6 16. Qd2 Nf4+ 17. Bxf4 gxf4 18. Nh2 Kh8 19. f3 Bf6 20. Ne2 Rg8 21. Rh1
Bh4 22. Ng1 Nf6 1/2-1/2

[Event "Mechanics' Spring TNM; G/2"]
[Site "San Francisco"]
[Date "2016.04.19"]
[Round "6.18"]
[White "Porlares, Teodoro"]
[Black "Oyuntseren, Togtok"]
[Result "1-0"]
[WhiteElo "1852"]
[BlackElo "1571"]
[PlyCount "51"]
[EventDate "2016.??.??"]

1. e4 e6 2. d4 d5 3. Nd2 Nc6 4. Ngf3 Bd7 5. c3 dxe4 6. Nxe4 h6 7. Bd3 Nf6 8.
Nc5 Bxc5 9. dxc5 Qe7 10. b4 a6 11. a4 O-O 12. O-O Nd5 13. Bc2 f5 14. Bb2 b5 15.
cxb6 cxb6 16. b5 axb5 17. axb5 Na5 18. Ba3 Qf6 19. Bxf8 Kxf8 20. c4 Nb4 21.
Qd6+ Qe7 22. Qxb6 Nxc2 23. Rxa5 Rxa5 24. Qxa5 Na3 25. Ne5 Nc2 26. Ng6+ 1-0

[Event "Mechanics' Summer TNM; G/2"]
[Site "San Francisco"]
[Date "2016.06.21"]
[Round "5.14"]
[White "Porlares, Teodoro"]
[Black "Smith III, Mahlon"]
[Result "0-1"]
[WhiteElo "1805"]
[BlackElo "2060"]
[Annotator "Donaldson"]
[PlyCount "80"]
[EventDate "2016.??.??"]

1. d4 Nf6 2. Nf3 g6 3. c4 c5 4. d5 b5 5. cxb5 a6 6. e3 Bg7 7. Nc3 O-O 8. bxa6
d6 9. Be2 Bxa6 10. O-O Nbd7 11. Bxa6 Rxa6 12. e4 Qa5 13. Bd2 Rb8 14. Qc2 Ra7
15. h3 Qa6 16. Rfe1 Qc4 17. b3 Qa6 18. Rab1 Qb7 19. a4 Qa8 20. Nb5 $16 Rab7 21.
Bc3 Nb6 22. Ba1 Rc8 23. e5 Nfxd5 24. exd6 e6 25. Bxg7 Kxg7 26. Qb2+ Kg8 27.
Rbc1 c4 28. Ne5 $1 cxb3 {Diagram [#]} 29. Qxb3 (29. Rxc8+ Qxc8 (29... Nxc8 30.
d7 Ncb6 31. Ng4 h5 32. Nh6+ Kh7 33. Nxf7 $18) 30. a5 Na4 31. Qxb3 Nc5 32. Qc4
$18) 29... Rd8 30. a5 Nc8 (30... Qxa5 31. Nc6) 31. Qa4 Nxd6 32. Nxd6 Rxd6 33.
Rc5 Rb4 34. Qc2 Kg7 35. Ng4 Nf4 $11 36. f3 Rbd4 37. Qc3 h5 $2 38. Re4 $4 (38.
Ne5 $1 $18) 38... Qxe4 $1 39. fxe4 Ne2+ 40. Kf2 Nxc3 0-1

[Event "Mechanics' Alan Benson TNM; G/2"]
[Site "San Francisco"]
[Date "2016.09.20"]
[Round "8.18"]
[White "Porlares, Teodoro"]
[Black "Weingarten, Daniel"]
[Result "1-0"]
[WhiteElo "1767"]
[BlackElo "1593"]
[PlyCount "37"]
[EventDate "2016.??.??"]

1. d4 d5 2. e3 Nf6 3. Bd3 Bg4 4. f3 Bh5 5. Ne2 Bg6 6. O-O e6 7. c4 dxc4 8. Bxc4
Be7 9. Nbc3 h6 10. Nf4 Qd7 $2 11. Bxe6 $1 {Diagram [#]} fxe6 12. Nxg6 Rg8 13.
Ne5 Qd6 14. Qd3 g5 15. Qb5+ Nbd7 16. Qxb7 Rb8 17. Qxa7 c6 18. Ne4 Nxe4 19. Nxd7
1-0

[Event "Mechanics' Spring TNM; G/2"]
[Site "San Francisco"]
[Date "2016.03.22"]
[Round "2.2"]
[White "Porlares, Teodoro"]
[Black "Winslow, Elliott C"]
[Result "0-1"]
[WhiteElo "1852"]
[BlackElo "2295"]
[Annotator "Winslow"]
[PlyCount "82"]
[EventDate "2016.??.??"]

1. d4 Nf6 2. Nf3 g6 3. g3 Bg7 4. Bg2 O-O 5. O-O d6 6. Nbd2 Nc6 7. e4 e5 8. d5
Ne7 9. b3 $146 Nfxd5 $6 10. exd5 e4 11. Rb1 (11. Nxe4 Bxa1 12. Nd4 $14) 11...
exf3 12. Nxf3 c6 13. dxc6 bxc6 14. Nd4 Bb7 15. Bg5 Rc8 16. Re1 Re8 17. Qd2 Qd7
18. Rbd1 c5 19. Nf3 (19. Bxb7 Qxb7 20. Nb5 Qxb5 21. Bxe7 Qa6 $14) 19... Nf5 20.
Bf4 Nd4 21. Nxd4 Bxg2 22. Kxg2 cxd4 23. Rxe8+ Qxe8 24. Kg1 Qc6 25. Rc1 h5 26.
h4 Qa6 27. a4 Rc3 28. Re1 Qc6 29. Re2 Kh7 30. Bg5 Qc5 31. Bf4 Rf3 32. Re7 Qf5
33. Rxa7 d3 34. c4 $2 {Diagram [#] I thought this was a mistake at the time,
but not for the right reasons.} (34. c3 $2 {in fact loses, to} Rxf4 $3 35. gxf4
Qg4+ 36. Kf1 Qf3 37. Kg1 Qe2 38. Qxe2 dxe2 39. Re7 Be5 $19) (34. Be3 $1 {
is the only way to go acc. to Stockfish, with = after} dxc2 35. Rc7 d5 36. Qxc2
Qg4 37. Re7 d4) 34... Bd4 $19 35. Ra6 Rxf2 36. Qxf2 Qe4 37. Qxd4 Qxd4+ 38. Kf1
d2 39. Bxd2 Qxd2 40. Rb6 Qd1+ 41. Kg2 Qe2+ 0-1

[Event "Mechanics' Fall TNM; G/2"]
[Site "San Francisco"]
[Date "2016.11.22"]
[Round "6.10"]
[White "Pryor, Jamieson"]
[Black "Poling, Scott E"]
[Result "1-0"]
[WhiteElo "2032"]
[BlackElo "1918"]
[PlyCount "43"]
[EventDate "2016.??.??"]

1. d4 Nf6 2. c4 e6 3. Nc3 Bb4 4. e3 O-O 5. Bd3 c5 6. Nge2 d5 7. O-O dxc4 8.
Bxc4 cxd4 9. exd4 Nc6 10. Bf4 a6 11. Bb3 h6 12. Rc1 Bd6 13. Qd2 Na5 14. Rfd1
Nxb3 15. axb3 Nd5 16. Bxd6 Qxd6 17. Ne4 Qb6 18. Nc5 Rd8 19. Nc3 Bd7 20. Nxd5
exd5 21. Rc3 $11 Rac8 $4 22. Nxd7 1-0

[Event "Mechanics' Alan Benson TNM; G/2"]
[Site "San Francisco"]
[Date "2016.08.16"]
[Round "3.9"]
[White "Pryor, Jamieson"]
[Black "Poling, Scott E"]
[Result "1-0"]
[WhiteElo "2032"]
[BlackElo "1918"]
[Annotator "Donaldson"]
[PlyCount "71"]
[EventDate "2016.??.??"]

1. d4 Nf6 2. c4 e6 3. Nc3 Bb4 4. e3 O-O 5. Bd3 c5 6. Nge2 Nc6 7. O-O Bxc3 8.
bxc3 d6 9. e4 e5 10. d5 Na5 11. Ng3 b6 12. h3 Ba6 13. Qe2 Qd7 14. Nf5 Ne8 15.
Qg4 Kh8 16. Qe2 Qa4 17. Ne3 Rb8 18. f4 f6 19. f5 Nc7 20. h4 Rb7 21. Rf3 Rfb8
22. h5 h6 23. Rg3 Ne8 24. Rg6 Qd7 25. Ng4 Qa4 {Diagram [#]} 26. Bxh6 $1 {
Taking on h6 with the knight is also good.} Bxc4 27. Qd2 Bxd3 28. Bxg7+ Rxg7
29. Qh6+ Kg8 30. Nxf6+ Kf7 31. Nxe8 Rxg6 32. Qxg6+ Kf8 33. Qxd6+ Kxe8 34. Qxb8+
Kf7 35. Qxa7+ Kg8 36. f6 1-0

[Event "Mechanics' Alan Benson TNM; G/2"]
[Site "San Francisco"]
[Date "2016.09.20"]
[Round "8.12"]
[White "Pryor, Jamieson"]
[Black "Sanguinetti, George"]
[Result "0-1"]
[WhiteElo "2032"]
[BlackElo "1900"]
[PlyCount "50"]
[EventDate "2016.??.??"]

1. d4 Nf6 2. c4 c5 3. d5 b5 4. Nc3 b4 5. Nb1 g6 6. b3 Bg7 7. Bb2 O-O 8. Nd2 e6
9. e4 exd5 10. cxd5 Re8 11. e5 Nxd5 12. Ngf3 Nc6 13. Nc4 Nb6 14. Nxb6 axb6 15.
Qd5 Qe7 16. Bc4 Bxe5 17. Bxe5 Nxe5 18. O-O Nxf3+ 19. gxf3 Ba6 20. Rac1 Bxc4 21.
Rxc4 Qe6 22. Qg5 Qe5 23. Qh6 d5 24. Rh4 Qg7 25. Qf4 g5 0-1

[Event "Mechanics' Fall TNM; G/2"]
[Site "San Francisco"]
[Date "2016.11.01"]
[Round "3.1"]
[White "Pryor, Jamieson"]
[Black "Stearman, Josiah P"]
[Result "0-1"]
[WhiteElo "2032"]
[BlackElo "2298"]
[Annotator "Donaldson"]
[PlyCount "102"]
[EventDate "2016.??.??"]

1. d4 g6 2. c4 Bg7 3. Nc3 d6 4. e4 Nf6 5. Nf3 O-O 6. Be2 e5 7. O-O Nbd7 8. Re1
c6 9. h3 Qc7 10. Be3 Re8 11. d5 c5 12. Nb5 Qb8 13. Nd2 Nf8 14. b4 a6 15. Nxd6
Qxd6 16. Bxc5 Qd8 17. Be3 a5 18. c5 axb4 19. Qb3 N8d7 20. Qxb4 Bf8 21. Qc3 Ra4
22. f3 Nh5 23. Bb5 Qa5 24. Qxa5 Rxa5 25. a4 Rxb5 26. axb5 Nxc5 27. Rec1 Nd3 28.
Rc7 Bd6 29. Rc3 Ndf4 30. Nc4 $1 Bf8 (30... Ne2+ 31. Kh2 Nxc3 $2 32. Nxd6 Rd8
33. Ra8 Rxd6 34. Rxc8+ Kg7 35. Rxc3 {winning.}) 31. Kf1 (31. Kh2) 31... Bd7 32.
Rb3 Ng3+ 33. Kf2 Rc8 34. Nxe5 Rc2+ 35. Ke1 Nxg2+ 36. Kd1 Nxe3+ $2 (36... Re2 {
with equal chances.}) 37. Rxe3 Rf2 38. Nxd7 Bh6 39. Ra8+ Kg7 40. Rd3 Rb2 41. b6
(41. d6 $1) 41... Nh1 42. Ke1 Nf2 43. Rda3 Bf4 44. e5 Bg3 45. e6 Bh4 46. Kf1
Nxh3 47. Ne5 $2 (47. R3a4) (47. R8a4) 47... Nf4 48. Ra1 Rf2+ 49. Kg1 fxe6 50.
d6 Bg3 $4 {Diagram [#]} (50... Ne2+ 51. Kh1 Ng3+ {draws.}) 51. d7 $4 (51. Ng4 {
wins but White had no time.}) 51... Nh3+ 0-1

[Event "Mechanics' Alan Benson TNM; G/2"]
[Site "San Francisco"]
[Date "2016.09.06"]
[Round "6.2"]
[White "Pryor, Jamieson"]
[Black "Tsodikova, Natalya"]
[Result "0-1"]
[WhiteElo "2032"]
[BlackElo "2195"]
[PlyCount "95"]
[EventDate "2016.??.??"]

1. d4 Nf6 2. c4 g6 3. Nc3 Bg7 4. e4 d6 5. Nf3 O-O 6. Be2 Bg4 7. Be3 Nfd7 8. Qd2
c5 9. d5 Re8 10. O-O Na6 11. Bh6 Bh8 12. Ng5 Bxe2 13. Qxe2 Nc7 14. f4 e6 15.
dxe6 fxe6 16. e5 dxe5 17. Nce4 Qe7 18. Rad1 Red8 19. Nd6 exf4 20. Ngf7 Ne8 21.
Nxd8 Rxd8 22. Nxe8 Rxe8 23. Rxf4 Bd4+ 24. Rfxd4 cxd4 25. Rxd4 e5 26. Rd5 Nb6
27. Rb5 e4 28. Bf4 Qf7 29. c5 Qxf4 30. cxb6 axb6 31. Qc4+ Kf8 32. Qc3 Kg8 33.
Rxb6 e3 34. Qb3+ Kg7 35. Rxb7+ Kh6 36. Rf7 Qd4 37. Kh1 Rb8 38. Qc3 Rxb2 39. Qc1
Qd2 40. Rxh7+ Kxh7 41. Qc7+ Kg8 42. Qc8+ Kf7 43. Qc7+ Ke6 44. Qc8+ Ke5 45. Qc5+
Ke4 46. Qc6+ Kd3 47. Qxg6+ Ke2 48. Qg4+ 0-1

[Event "Mechanics' Fall TNM; G/2"]
[Site "San Francisco"]
[Date "2016.12.13"]
[Round "9.11"]
[White "Pryor, Jamieson"]
[Black "Walters, Kevin"]
[Result "1-0"]
[WhiteElo "2032"]
[BlackElo "1864"]
[PlyCount "63"]
[EventDate "2016.??.??"]

1. d4 Nf6 2. c4 e5 3. dxe5 Ng4 4. Nf3 Bc5 5. e3 Nc6 6. Nc3 Ngxe5 7. a3 a5 8.
Be2 O-O 9. Ne4 Qe7 10. Nxc5 Qxc5 11. Qd5 Nxf3+ 12. gxf3 Qe7 13. Bd2 d6 14. f4
Be6 15. Qg2 Rad8 16. Bc3 f6 17. Rd1 Qf7 18. Rg1 Rd7 19. Qe4 d5 20. cxd5 Rxd5
21. Rxd5 Bxd5 22. Qf5 Qe6 23. Qh5 Qe4 24. Qg4 Qe7 25. Bd3 Be6 26. Qh5 g6 27.
Bxg6 Kh8 28. Bc2 b6 29. Rg6 Bg8 30. Qh6 Ne5 31. fxe5 fxe5 32. Bxe5+ 1-0

[Event "Mechanics' Winter TNM; G/2"]
[Site "San Francisco"]
[Date "2016.01.19"]
[Round "3.24"]
[White "Purland, Matthew"]
[Black "Handler, Andrew To"]
[Result "1/2-1/2"]
[WhiteElo "1560"]
[BlackElo "1752"]
[PlyCount "53"]
[EventDate "2016.??.??"]

1. e4 c5 2. Nc3 Nc6 3. f4 g6 4. Nf3 Bg7 5. Bb5 Nd4 6. O-O a6 7. Ba4 b5 8. Bb3
c4 9. e5 Nxf3+ 10. Qxf3 Qb6+ 11. d4 Bb7 12. Qf2 cxb3 13. Be3 Nh6 14. d5 Qd8 15.
Bb6 Qc8 16. cxb3 O-O 17. Rac1 Qe8 18. d6 e6 19. Qe2 f5 20. b4 Qb8 21. Bc7 Qa7+
22. Kh1 Ng4 23. Nd1 Rac8 24. h3 Nh6 25. Nf2 Nf7 26. Nd3 Nd8 27. Nc5 1/2-1/2

[Event "Mechanics' Winter TNM; G/2"]
[Site "San Francisco"]
[Date "2016.01.05"]
[Round "1.14"]
[White "Purland, Matthew"]
[Black "Klinetobe, David"]
[Result "0-1"]
[WhiteElo "1560"]
[BlackElo "2000"]
[PlyCount "52"]
[EventDate "2016.??.??"]

1. e4 e6 2. d4 d5 3. Nd2 Nf6 4. e5 Nfd7 5. f4 c5 6. c3 Nc6 7. Ngf3 Qb6 8. Nb3
c4 9. Nbd2 Be7 10. b3 cxb3 11. axb3 Qc7 12. Ba3 Nb6 13. Bxe7 Nxe7 14. Qc2 Nf5
15. Bd3 Ne3 16. Bb5+ Bd7 17. Bxd7+ Nxd7 18. Qd3 Nxg2+ 19. Kf1 Nxf4 20. Qe3 Ng6
21. Ke2 Ne7 22. Nh4 Nf8 23. c4 Nfg6 24. Nxg6 hxg6 25. cxd5 Nxd5 26. Qf3 {
Diagram #} Rh3 $1 0-1

[Event "Mechanics' Summer TNM; G/2"]
[Site "San Francisco"]
[Date "2016.06.14"]
[Round "4.13"]
[White "Rakonitz, David"]
[Black "Bannan, Frank"]
[Result "0-1"]
[WhiteElo "1659"]
[BlackElo "1935"]
[Annotator "Donaldson"]
[PlyCount "81"]
[EventDate "2016.??.??"]

1. d4 Nf6 2. Nf3 g6 3. c4 c5 4. d5 d6 5. Nc3 Bg7 6. Nd2 O-O 7. e4 Ne8 8. Be2
Qa5 9. Qc2 f5 10. Nb3 Qd8 11. f4 Na6 12. a3 fxe4 13. Nxe4 Bd7 14. Nc3 Rb8 15.
O-O Nac7 16. Nd2 b5 17. Rb1 bxc4 18. Bxc4 Bf5 19. Bd3 Bxc3 20. Bxf5 $4 (20.
bxc3) 20... Bxd2 21. Bxg6 Bxc1 22. Bxh7+ Kh8 23. Rbxc1 Rf7 24. Be4 Nf6 25. Qc3
Nb5 26. Qh3+ Nh7 27. Rf3 Nd4 28. Rf2 Rg7 29. Rc3 Qg8 30. f5 Rf8 31. f6 Rxf6 32.
Rg3 Rxg3 33. hxg3 Rxf2 34. Kxf2 Qf7+ 35. Ke3 Kg8 36. Qc8+ Kg7 37. Qg4+ Kh8 38.
Qc8+ Qg8 39. Qh3 Qg5+ 40. Kd3 Qg8 41. Qh4 {
Black soon won. Remaining moves unavailable.} 0-1

[Event "Mechanics' Alan Benson TNM; G/2"]
[Site "San Francisco"]
[Date "2016.09.27"]
[Round "9.18"]
[White "Rakonitz, David"]
[Black "Chen, Mingson"]
[Result "1/2-1/2"]
[WhiteElo "1646"]
[BlackElo "1903"]
[Annotator "Donaldson"]
[PlyCount "57"]
[EventDate "2016.??.??"]

1. d4 Nf6 2. Nf3 e6 3. c4 b6 4. a3 Bb7 5. Nc3 d5 6. cxd5 Nxd5 7. Nxd5 (7. e3
Be7 8. Bb5+ c6 9. Bd3) 7... Bxd5 8. Bf4 Bd6 9. Bxd6 cxd6 10. e3 O-O 11. Be2 (
11. Bd3) 11... Nd7 12. O-O a5 13. Rc1 Qb8 14. Qd3 Qb7 15. Ng5 Nf6 16. Bf3 h6
17. Bxd5 Qxd5 18. Nf3 Rfc8 19. Rc2 Rc6 20. Rfc1 Rac8 21. Nd2 Rxc2 22. Rxc2 Rxc2
23. Qxc2 Qb7 24. f3 e5 25. Kf2 Kf8 26. Ke2 Ke7 27. Nb1 Kd7 28. Kd2 Qc6 29. Nc3
1/2-1/2

[Event "Mechanics' Fall TNM; G/2"]
[Site "San Francisco"]
[Date "2016.11.29"]
[Round "7.30"]
[White "Rakonitz, David"]
[Black "Donaldson, Kyle Ga"]
[Result "1-0"]
[WhiteElo "1646"]
[BlackElo "1453"]
[PlyCount "75"]
[EventDate "2016.??.??"]

1. d4 Nf6 2. Nf3 e6 3. c4 d5 4. Nc3 Bb4 5. Bg5 Nbd7 6. e3 c6 7. Nd2 O-O 8. Be2
b6 9. cxd5 cxd5 10. O-O Bb7 11. Nf3 Be7 12. Rc1 a6 13. h3 b5 14. Bf4 Qb6 15.
Qb3 Rac8 16. Rc2 Bd6 17. Bxd6 Qxd6 18. Rfc1 e5 19. dxe5 Nxe5 20. Nd4 Nc4 21.
Nb1 Ne4 22. Bxc4 dxc4 23. Qa3 Qg6 24. f3 Ng5 25. Kh2 h5 26. h4 Ne6 27. Rd2 Nxd4
28. Rxd4 Qe6 29. Qc3 f5 30. Rcd1 Bc6 31. Rd6 Qe8 32. Qd4 Bb7 33. Nc3 Bc6 34.
Ne2 Bb7 35. Nf4 Kh7 36. Ne6 Rg8 37. Ng5+ Kh8 38. Rh6# 1-0

[Event "Mechanics' Spring TNM; G/2"]
[Site "San Francisco"]
[Date "2016.04.19"]
[Round "6.28"]
[White "Rakonitz, David"]
[Black "Giridharan, Durgas"]
[Result "0-1"]
[WhiteElo "1660"]
[BlackElo "1199"]
[Annotator "Donaldson"]
[PlyCount "66"]
[EventDate "2016.??.??"]

1. d4 Nf6 2. Nf3 g6 3. c4 c5 4. e3 Bg7 5. Nc3 cxd4 6. exd4 O-O 7. Be2 d5 8. c5
(8. O-O) 8... b6 9. b4 a5 10. b5 bxc5 11. dxc5 Nbd7 $2 (11... Nfd7 $1) 12. Nxd5
$5 (12. Na4) (12. Ba3) 12... Nxc5 (12... Nxd5 13. Qxd5 Bxa1 14. Qxa8) 13. Ne3
$2 {Diagram [#]} (13. Nxf6+ Bxf6 14. Bh6 $11) 13... Nfe4 $1 14. Ba3 Bc3+ 15.
Kf1 Bxa1 16. Qxa1 Nd3 17. Nd1 $2 (17. Bxe7 Qxe7 18. Bxd3) 17... Bg4 18. Qb1
Bxf3 19. Qxd3 Nd2+ 20. Ke1 Bxg2 21. Rg1 Qxd3 22. Bxd3 Nf3+ 23. Ke2 Nxg1+ 24.
Ke3 Rac8 25. Bb2 Rfd8 26. Nc3 Nf3 27. Be4 e6 28. Bxf3 Bxf3 29. Kxf3 Rd3+ 30.
Ke4 Rdxc3 31. Bxc3 Rxc3 32. Kd4 Rc1 33. b6 Kf8 0-1

[Event "Mechanics' Fall TNM; G/2"]
[Site "San Francisco"]
[Date "2016.11.01"]
[Round "3.20"]
[White "Rakonitz, David"]
[Black "Gray, William"]
[Result "1/2-1/2"]
[WhiteElo "1646"]
[BlackElo "2022"]
[PlyCount "39"]
[EventDate "2016.??.??"]

1. d4 Nf6 2. Nf3 d6 3. c4 Bf5 4. Nc3 g6 5. Bg5 Ne4 6. Nxe4 Bxe4 7. e3 Bg7 8.
Bd3 Bxd3 9. Qxd3 O-O 10. O-O Nd7 11. b4 Re8 12. Rac1 a5 13. b5 b6 14. a4 Qc8
15. Rfd1 e5 16. Nd2 Nf6 17. Nb3 Qg4 18. Bxf6 Bxf6 19. h3 Qh4 20. Re1 1/2-1/2

[Event "Mechanics' Spring TNM; G/2"]
[Site "San Francisco"]
[Date "2016.05.03"]
[Round "8.47"]
[White "Rakonitz, David"]
[Black "Hilliard, Michael"]
[Result "1-0"]
[WhiteElo "1660"]
[BlackElo "1400"]
[Annotator "Donaldson"]
[PlyCount "105"]
[EventDate "2016.??.??"]

1. d4 d5 2. Nf3 Nf6 3. c4 c6 4. Nc3 e6 5. Bg5 Nbd7 6. e3 Bd6 (6... Be7) (6...
Qa5) 7. Bd3 O-O 8. O-O Qb6 $2 9. Qc2 (9. c5 Qxb2 10. Na4) 9... Re8 10. Bxf6 (
10. c5) 10... Nxf6 11. c5 Bxc5 12. Na4 Qc7 13. Nxc5 b6 14. Nb3 a5 15. a4 g6 16.
h3 Nd7 17. Rfc1 Bb7 18. Qe2 Rac8 19. Ba6 c5 20. Bxb7 Qxb7 21. Qb5 c4 22. Nxa5
Qc7 23. Nb3 Qd6 24. Nbd2 Ra8 25. a5 Reb8 26. a6 Ra7 27. Rc3 (27. b3 $18 {
opens lines and would soon end the game, but then the following excitement
would neverhavehappened!}) 27... Rba8 28. Rca3 f6 29. Nb1 Kf7 30. Ra4 g5 31.
Nh2 h5 32. Na3 g4 33. hxg4 hxg4 34. Nxg4 Rh8 35. g3 Qf8 36. Kg2 Qg7 37. Nh2 Qh7
38. Rh1 Qe4+ 39. Nf3 $4 (39. Kg1 $18) 39... Rxh1 40. Kxh1 Qxf3+ 41. Kg1 Kg6 $5
$11 42. Qc6 {Diagram [#]} Kf5 $2 (42... Qd1+ 43. Kg2 Ne5 $3 44. dxe5 $4 Rh7 45.
Qe8+ Kf5 {mates.}) 43. Nb5 $2 (43. Nxc4 $1 $18) 43... Qd1+ $2 (43... Nf8 44.
Nxa7 Kg4 45. Ra1 (45. Nb5 $4 Kh3 46. Kf1 Qd1#) 45... Kh3 46. Kf1 Qh1+ 47. Ke2
Qxa1 48. Qxb6 $11) 44. Kg2 Nf8 45. Nxa7 $2 (45. Nc3 $18) 45... Kg4 $1 46. Qd6 (
46. Ra1 $11) 46... Qf3+ 47. Kg1 $4 (47. Kf1 Qd1+ $11) 47... Qd1+ $4 (47... Kh3
$19) 48. Kg2 $2 (48. Kh2 $18) 48... Qf3+ 49. Kg1 $4 Qd1+ $4 (49... Kh3 50. Kf1
Qd1#) 50. Kh2 $18 Ng6 51. Qxe6+ Kg5 52. Qxd5+ Kh6 53. Rxc4 1-0

[Event "Mechanics' Fall TNM; G/2"]
[Site "San Francisco"]
[Date "2016.11.15"]
[Round "5.13"]
[White "Rakonitz, David"]
[Black "Kim, Isaiah"]
[Result "0-1"]
[WhiteElo "1646"]
[BlackElo "1967"]
[Annotator "Donaldson"]
[PlyCount "50"]
[EventDate "2016.??.??"]

1. d4 Nf6 2. Nf3 e6 3. c4 Bb4+ 4. Bd2 Qe7 5. g3 Nc6 6. Bg2 O-O 7. O-O Bxd2 8.
Qxd2 d6 9. Nc3 e5 10. e4 Bg4 11. dxe5 dxe5 12. Rfe1 Bxf3 13. Bxf3 Nd4 14. Bg2
c6 15. Rad1 Rad8 16. Qc1 Qb4 17. b3 Rd7 18. Rd2 Rfd8 19. Red1 Ne8 20. f4 exf4
21. gxf4 Qc5 22. Kh1 Qh5 23. Rd3 Nf6 24. Qe3 $4 {Diagram #} (24. Rh3) 24... Ng4
25. Qh3 (25. Qg3 Ne2 $1) (25. Qg1 Ne2 $1) 25... Nf2+ 0-1

[Event "Mechanics' Alan Benson TNM; G/2"]
[Site "San Francisco"]
[Date "2016.08.09"]
[Round "2.32"]
[White "Rakonitz, David"]
[Black "Marrus, Matthew E"]
[Result "1-0"]
[WhiteElo "1646"]
[BlackElo "1335"]
[PlyCount "55"]
[EventDate "2016.??.??"]

1. d4 d5 2. Nf3 Nf6 3. c4 c5 4. cxd5 Qxd5 5. Nc3 Qd8 6. e4 cxd4 7. Qxd4 Qxd4 8.
Nxd4 e5 9. Bb5+ Nbd7 10. Nf3 Bb4 11. Bd2 O-O 12. O-O a6 13. Ba4 Nc5 14. Bc2 Bg4
15. Nxe5 Bh5 16. f3 Rad8 17. Bf4 Ne6 18. Be3 Bd6 19. Nc4 Bc7 20. Rfd1 Rc8 21.
Nb6 Rb8 22. Ncd5 Nxd5 23. Rxd5 Bxb6 24. Bxb6 Nf4 25. Rd7 Rbc8 26. Bb3 Rb8 27.
Bc7 Rbc8 28. Bxf4 1-0

[Event "Mechanics' Alan Benson TNM; G/2"]
[Site "San Francisco"]
[Date "2016.08.23"]
[Round "4.34"]
[White "Rakonitz, David"]
[Black "Morgan, Jerry Dugl"]
[Result "1-0"]
[WhiteElo "1646"]
[BlackElo "1568"]
[Annotator "Donaldson"]
[PlyCount "41"]
[EventDate "2016.??.??"]

1. d4 d5 2. Nf3 Nf6 3. c4 c6 4. Nc3 dxc4 5. a4 Bf5 6. e3 e6 7. Bxc4 Bb4 8. O-O
Nbd7 9. Qe2 Bg6 10. Bd3 (10. e4 Bxc3 11. bxc3 Nxe4 12. Ba3) 10... Qc7 $6 (10...
O-O 11. e4 Bh5 12. e5 Nd5 13. Nxd5 cxd5 14. Qe3 Be7) 11. e4 O-O 12. e5 Bxd3 $2
(12... Nd5) 13. Qxd3 Nd5 14. Nxd5 (14. Ng5 g6 15. Qh3 h5 16. g4 {is even strong
er than the game continuation as Black does not have the resource ...Qc2.})
14... cxd5 {Diagram [#]} 15. Ng5 $1 g6 16. Qh3 $1 h5 17. g4 $1 Kg7 18. gxh5 Rh8
(18... Qc2 19. h6+ Kh8 20. Bf4 Qf5 21. Qxf5 gxf5 22. Rac1 Ba5 23. h4 {
Should be winning for White but Black can still struggle.}) 19. h6+ Kg8 20. Qf3
(20. h7+ Kg7 21. Qxe6 $3 {was a pretty finish, but the text gets the job done.}
) 20... Nf8 21. Qf6 (21. Qf6 Rxh6 {could have been tried although after} 22.
Nxe6 Nxe6 23. Bxh6 Be7 24. Qf3 Nxd4 25. Qxd5 Rd8 26. Qe4 {White is winning.})
1-0